El retorno de refugiados y las raíces del conflicto /

Guardat en:
Dades bibliogràfiques
Autor principal: Lange, María
Format: Text
Etiquetes: Afegir etiqueta
Sense etiquetes, Sigues el primer a etiquetar aquest registre!

MARC

LEADER 00000 a a2200000 04500
001 46938
003
040
100 |a Lange, María  
245 |a El retorno de refugiados y las raíces del conflicto /  |c María Lange  
773 |g número36, (2010), páginas 48-49, fotos  
999 |c 37987  |d 37987